[Event "Enghien les Bains 4th"]
[Site "Enghien les Bains"]
[Date "2001.04.17"]
[Round "6"]
[White "Fressinet, Laurent"]
[Black "Lautier, Joel"]
[Result "0-1"]
[WhiteElo "2575"]
[BlackElo "2658"]
[Annotator "Gershon,A"]
[PlyCount "54"]
[EventDate "2001.04.11"]
[EventType "tourn"]
[EventRounds "9"]
[EventCountry "FRA"]
[EventCategory "17"]
[SourceTitle "CBM 083"]
[Source "ChessBase"]
[SourceDate "2001.07.05"]
[SourceVersion "1"]
[SourceVersionDate "2001.07.05"]
[SourceQuality "1"]

1. e4 c5 2. Nf3 Nc6 3. Nc3 g6 4. Bb5 Bg7 5. O-O e5 6. Bxc6 (6. d3 Nge7 7. Ne1 (
7. Bg5 h6 (7... O-O 8. Qd2 d6 9. h3 Be6 10. Ba4 f6 11. Bh6 Rc8 12. Bb3 d5 13.
Bxg7 Kxg7 14. exd5 Nxd5 $11 {0-1 Zhao Zong Yuan-Arutunian,D/Yerevan 1999/CBM
72 ext (53)}) 8. Be3 d6 9. Nd2 O-O 10. Bc4 Kh7 11. f4 f5 12. fxe5 $2 Nxe5 13.
h3 Nxc4 14. Nxc4 b6 15. Bf4 fxe4 16. Bxd6 Rxf1+ 17. Qxf1 Nf5 18. Bf4 exd3 19.
cxd3 Ba6 20. Qf3 Qd4+ 21. Kh1 Re8 $17 22. Rd1 Re7 23. Nd5 $2 Bb7 {0-1
Pavasovic,D-Kozul,Z/Portoroz 1999/CBM 72 (23)}) 7... O-O 8. f4 exf4 9. Bxf4 d6
10. Nf3 Bg4 11. Qd2 Nd4 12. Nxd4 cxd4 13. Ne2 Rc8 14. Ba4 Nc6 15. Bb3 Qd7 16.
Rf2 Be6 17. Bh6 Bxb3 18. axb3 d5 19. Bxg7 Kxg7 20. Nf4 dxe4 21. dxe4 Rce8 22.
Re1 Qd6 23. h3 f6 $11 {1/2-1/2 Morozevich,A-Christiansen,L/New York 1995/CBM
47 ext (40)}) (6. a3 Nge7 7. b4 b6 8. Nd5 O-O 9. c4 f5 10. d3 f4 11. bxc5 bxc5
12. Qa4 Nd4 13. Nxd4 exd4 14. Nxf4 a6 15. Nd5 Nxd5 16. cxd5 axb5 17. Qxa8 Qb6
18. a4 Bb7 19. a5 Rxa8 {0-1 Miroshnichenko,E-Shalimov,V/Kharkov 2000/EXT 2001 
(19)}) 6... dxc6 7. a3 {I don't see why changing the doubled 'c5' pawn should
be too good for white.} (7. d3 Ne7 (7... Qe7 8. a4 a5 9. Nd2 Be6 10. b3 Nf6 11.
Nc4 Nd7 12. Be3 O-O 13. Qd2 Rfd8 14. Rab1 Ra6 15. Bg5 f6 16. Be3 Rb8 17. Ne2 b5
18. axb5 cxb5 19. Nxa5 Qd8 20. b4 cxb4 21. Nb3 Rc8 22. d4 Ra2 $13 {1/2-1/2
Zhelnin,V-Dobrov,V/St Petersburg 2000/EXT 2001 (73)}) 8. Be3 b6 9. Qd2 h6 $6 (
9... O-O 10. Bh6 f6) 10. a3 f5 11. exf5 gxf5 12. Rae1 Qd6 13. Qe2 O-O 14. Bf4
$1 $16 {1-0 Odeev,H-Al Sayed,M/Dubai UAE 2001/The Week in Chess 337 (51)}) (7.
h3 {Was worth considering, with the idea to keep black with a problematic B})
7... Bg4 8. h3 Bxf3 9. Qxf3 Nf6 $1 {Lautier correctly assesses that the N is
much more needed on d7 than e7.} 10. b4 Nd7 11. Rb1 $6 (11. b5 $5 {[%csl Rd5]}
cxb5 12. Nxb5 O-O 13. Nc3 $14) 11... b5 $1 12. bxc5 a5 {After this move, white
faces a big problem with a plan.} (12... Nxc5 13. a4 {[%cal Gc1a3]} Nxa4 14.
Nxa4 bxa4 15. Ba3 $40) 13. a4 (13. Qe3 $2 Qe7 14. a4 b4 15. Ne2 Nxc5 16. c3
Nxa4 17. cxb4 axb4 18. Qb3 c5 $17) (13. d3 Nxc5 14. Be3 Qe7 15. Ne2 Ne6 $15)
13... b4 14. Ne2 Nxc5 15. c3 Qd3 $1 $17 16. Bb2 (16. Qxd3 Nxd3 17. cxb4 axb4
18. Rb3 Rd8 $17 {[%cal Gc6c5]}) 16... O-O 17. cxb4 (17. Rfc1 Qxf3 18. gxf3 Nd3
$17) 17... axb4 18. Rfc1 Rxa4 19. Qxd3 Nxd3 20. Rxc6 Ra2 21. Bc1 Rd8 {[%csl
Rc1]} 22. Rb3 h5 23. g4 h4 24. Kg2 Bh6 25. Rc7 Bxd2 26. Bxd2 Rxd2 27. Kf1 Ra8 (
27... Ra8 28. Rb1 Raa2 29. Rd7 Rxe2 30. Rxd3 Rxf2+ 31. Kg1 Rg2+ 32. Kh1 Rh2+
33. Kg1 Rag2+ 34. Kf1 Rb2 35. Rxb2 Rxb2 $19) 0-1

[Event "Montreal 2nd"]
[Site "Montreal"]
[Date "2001.08.13"]
[Round "11"]
[White "Turov, Maxim"]
[Black "Goldenberg, Danny"]
[Result "1-0"]
[WhiteElo "2550"]
[BlackElo "2343"]
[Annotator "Gershon,A"]
[PlyCount "65"]
[EventDate "2001.08.02"]
[EventType "tourn"]
[EventRounds "11"]
[EventCountry "CAN"]
[EventCategory "9"]
[SourceTitle "CBM 085"]
[Source "ChessBase"]
[SourceDate "2001.11.13"]
[SourceVersion "1"]
[SourceVersionDate "2001.11.13"]
[SourceQuality "1"]

1. e4 c5 2. Nf3 Nc6 3. Bb5 g6 4. O-O Bg7 5. c3 Nf6 6. Re1 O-O 7. h3 (7. d4 {
is the main line here}) 7... d5 {I belive this is not the best way for black
to play this position} (7... e5 8. a3 (8. d4 cxd4 (8... exd4 9. cxd4 cxd4 10.
e5 Nd5 11. Bxc6 dxc6 12. Qxd4 Bf5 13. Nc3 Nxc3 14. Qxc3 Re8 15. Bg5 Qb6 16.
Rad1 Be6 17. a3 Bd5 18. Bf6 Bf8 19. Ng5 $36 {0-1 Boim,I-Zilberman,Y/Herzliya
2000/CBM 79 (35)}) 9. cxd4 Nxd4 10. Nxd4 Qb6 (10... exd4 11. e5 Nd5 12. Bc4 Nb6
13. Bb3 d6 14. Qxd4 dxe5 15. Qxd8 Rxd8 16. Bg5 Re8 17. Nc3 Be6 $15 {1/2-1/2
Castany Pampalona,L-San Segundo Carrillo,P/Palencia 1999/CBM 71 ext (30)}) 11.
Nf3 Qxb5 12. Nc3 Qa6 13. Nxe5 d6 14. Nf3 Be6 15. Bg5 h6 16. Bxf6 Bxf6 17. Qd2
Bg7 18. Rac1 b5 19. a3 Rfc8 20. Nd4 {1/2-1/2 Shaposhnikov,E-Bu Xiangzhi/St
Petersburg 2000/CBM 76 (20)}) 8... Ne8 9. b4 Nc7 10. Bf1 d6 11. d3 Ne6 12. Nbd2
Bd7 13. Bb2 Qc7 14. Rc1 b6 15. Nc4 f5 16. exf5 gxf5 17. d4 exd4 18. b5 dxc3 19.
Rxc3 Ncd4 20. Nxd4 Nxd4 21. Rg3 $44 {1-0 Shabalov,A-Echavarria,J/Cali COL 2001/
The Week in Chess 354 (31)}) 8. e5 Ne8 9. d4 cxd4 10. cxd4 Nc7 11. Bxc6 bxc6
12. Nc3 Ne6 13. Ng5 (13. Na4 Rb8 14. Ng5 Nxg5 15. Bxg5 Qc7 16. b3 f6 17. Bf4
fxe5 18. Bxe5 Bxe5 19. Rxe5 Rf5 20. Rxf5 Bxf5 21. Qd2 $16 {1/2-1/2 Ignatiadis,
K-Botsari,A/Poros 1998/EXT 99 (49)}) 13... Nxg5 (13... c5 14. Nxe6 Bxe6 15. Be3
cxd4 16. Bxd4 Qa5 17. Qd2 Rfc8 18. Qe3 Rc6 19. Ne2 Bd7 20. Bc3 Qa6 21. Nd4 $14
{1-0 Bosboom,M-Pelletier,Y/Mitropa Cup 1995/CBM 46 ext (60)}) 14. Bxg5 f6 15.
Bf4 g5 $2 {Compromising his own K} (15... fxe5 $142 16. Bxe5 Bxe5 17. Rxe5 Rb8
18. Na4 {- see Ignatiadis-Botsari: 13.Na4}) 16. exf6 (16. Bg3 f5 $13) 16...
gxf4 $2 (16... Bxf6 $2 17. Be5 $16 {Removing the only defender of black's K
position}) (16... exf6 $142 17. Bg3 Re8 18. Na4 Rxe1+ 19. Qxe1 g4 20. hxg4 Bxg4
21. Rc1 Qe8 22. Qc3 $16) 17. fxe7 Qe8 18. exf8=Q+ Qxf8 19. Qa4 $18 Bb7 (19...
f3 20. Qxc6 $18) 20. Re6 f3 21. Rae1 Qf7 22. Qd1 $6 (22. Re7 Qg6 23. g3 Qh5 24.
h4 Qg4 25. Qd1 $18) 22... fxg2 (22... Rf8 23. Re7 Qg6 24. g3 Qh5 25. R1e3 $18)
23. Re7 Qf5 24. Qg4 Qxg4 25. hxg4 Ba6 26. R1e6 Bxd4 27. Nxd5 Rf8 (27... cxd5
28. Rxa6 Rf8 29. Kxg2 Rxf2+ 30. Kg3 Rxb2 31. Rd6 Kf8 32. Rdd7 Rxa2 33. Rxh7 $18
) 28. Ne3 Bb5 29. b3 a5 30. Nf5 Bc5 31. Rg7+ Kh8 32. Rh6 Bxf2+ 33. Kxg2 1-0

[Event "Bundesliga 0001"]
[Site "Germany"]
[Date "2001.03.10"]
[Round "10.3"]
[White "Slobodjan, Roman"]
[Black "Handke, Florian"]
[Result "1-0"]
[WhiteElo "2539"]
[BlackElo "2455"]
[Annotator "Gershon,A"]
[PlyCount "69"]
[EventDate "2000.10.14"]
[EventType "team-tourn"]
[EventRounds "15"]
[EventCountry "GER"]
[SourceTitle "CBM 082"]
[Source "ChessBase"]
[SourceDate "2001.05.17"]
[SourceVersion "1"]
[SourceVersionDate "2001.05.17"]
[SourceQuality "1"]
[WhiteTeam "Magdeburg USC"]
[BlackTeam "Wattenscheid"]
[WhiteTeamCountry "GER"]
[BlackTeamCountry "GER"]

1. e4 c5 2. Nf3 Nc6 3. Bb5 g6 4. O-O Bg7 5. Bxc6 {A rather unambitious move.
White is giving up on his B without having black force him doing so. The main
alternatives are Re1, and c3.} bxc6 6. c3 (6. c4 e5 7. d3 d6 8. Qa4 Ne7 9. b4
cxb4 10. Qxb4 O-O 11. Nc3 h6 12. Ba3 c5 13. Qb3 f5 14. Nd5 Nxd5 15. cxd5 f4 16.
Nd2 g5 $36 {0-1 De las Heras,J-Zarnicki,P/Buenos Aires 1994/EXT 97 (34)}) 6...
Nh6 (6... d6 7. h3 Nf6 8. Re1 Nd7 9. d4 cxd4 10. cxd4 O-O 11. Nc3 Rb8 12. e5 c5
13. exd6 exd6 14. Bf4 cxd4 15. Nxd4 Rb6 (15... Rxb2 16. Bxd6 Qh4 $1 $13) 16.
Nd5 Rxb2 17. Nc6 Qh4 18. Bg3 Qc4 19. Rc1 $18 {1-0 Karpov,A-Havrdova,L/Cannes
1998/EXT 99 (23)}) 7. h3 O-O 8. d4 cxd4 9. cxd4 f6 10. Nc3 d6 11. Qc2 $146 (11.
b3 Qa5 12. Bb2 Qh5 13. Nd2 Qxd1 14. Nxd1 f5 15. e5 f4 16. Rc1 Bd7 17. Nf3 Nf5
18. Nc3 h6 {0-1 Matulovic,M-Velimirovic,D/Niksic 1997/CBM 59 ext (46) black's
got the better perspective in the endgame}) 11... Nf7 12. Re1 Bd7 13. Bd2 Re8
$6 {Black goes for the wrong plan. His idea should be opening the center for
his B's (by playing c5 and f5). Another plan can be playing e7-e5 followed by
f5, in this case, however, the R move is dubious.} (13... Rc8 $142 14. Rad1 c5
15. d5 f5 $132) 14. Rac1 e5 15. Be3 Qe7 (15... exd4 $5 16. Nxd4 Qa5 $132 {
[%cal Ga8b8,Gf7e5] The weakness of black's pawns is compensated by more active
pieces, and the potentially stong B pair.}) (15... f5 16. dxe5 (16. d5 c5)
16... Nxe5 (16... dxe5 17. Na4 $16) 17. Nxe5 Bxe5 18. Qd2 $1 {[%csl Rg8][%cal
Ge3d4]} fxe4 19. Nxe4 Bxb2 (19... Bf5 20. Bg5 Qd7 21. Nf6+ Bxf6 22. Bxf6 $16 {
[%csl Rg8]}) 20. Qxb2 Rxe4 21. Bh6 $16 {The presence of opposite colored B's
makes white's attack very dabgerous.}) 16. Rcd1 h6 $6 17. b3 Red8 {Now plack
is stuck with no plan.} 18. Qe2 Ng5 19. b4 {[%csl Rd5][%cal Gb4b5]} Nxf3+ 20.
Qxf3 f5 $2 (20... a5 $2 21. dxe5 (21. a3 axb4 22. axb4 Ra3 $36) 21... fxe5 22.
bxa5 {[%cal Ge3b6]} Rxa5 23. Bb6 Rf8 24. Qd3 $18 {[%csl Rd6]}) 21. dxe5 {
[%csl Rh6]} Bxe5 22. Bf4 {White prefers to swap B's over taking a P. An
interesting approach, although looks to me that simpler would be to take the P}
(22. Bxh6 f4 (22... g5 23. exf5 Qf6 24. Rxe5 dxe5 25. Qh5 $18) 23. Bxf4 Rf8 24.
Ne2 g5 25. Qb3+ $1 Be6 26. Bxg5 $18) 22... Re8 23. Bxe5 (23. exf5 Bxf5 24. b5
$5 cxb5 25. Nd5 Qg7 (25... Qf7 26. Bxe5 dxe5 27. g4 e4 28. Qg3 Rad8 (28... Be6
29. Nc7 $16) 29. gxf5 Rxd5 30. Rxd5 Qxd5 31. Qxg6+ $18) 26. Bxe5 dxe5 27. g4
$16 {[%cal Gd5f6]}) 23... Qxe5 24. Qd3 {[%csl Rd6] The point of white's plan}
fxe4 (24... d5 25. exd5 Qxe1+ 26. Rxe1 Rxe1+ 27. Kh2 {[%cal Gd5c6,Yd3c4]} Kh7
28. Qa6 $18 {[%csl Ra8,Rc6,Rd7][%cal Ga6b7,Rb7a8,Rb7d7]}) 25. Qxd6 Bf5 26. Qxe5
Rxe5 27. Rd6 $18 Rb8 (27... c5 28. f4 (28. bxc5 Rxc5 29. Nxe4 Bxe4 30. Rxe4 $18
) 28... Ree8 29. bxc5 $18) 28. g4 Bc8 29. Rxg6+ Kh7 30. Rxc6 Bb7 31. Rc7+ Kg6
32. f4 Ree8 33. Rd1 {[%cal Gd1d6]} Bc8 34. Rd6+ Re6 35. f5+ 1-0

[Event "CHN-RUS Summit Juniors 1st"]
[Site "Shanghai"]
[Date "2001.09.07"]
[Round "1"]
[White "Shaposhnikov, Evgeny"]
[Black "Ni, Hua"]
[Result "1-0"]
[WhiteElo "2519"]
[BlackElo "2568"]
[Annotator "Gershon,A"]
[PlyCount "51"]
[EventDate "2001.09.07"]
[EventType "schev"]
[EventRounds "6"]
[EventCountry "CHN"]
[SourceTitle "CBM 085"]
[Source "ChessBase"]
[SourceDate "2001.11.13"]
[SourceVersion "1"]
[SourceVersionDate "2001.11.13"]
[SourceQuality "1"]

1. e4 c5 2. Nf3 Nc6 3. Bb5 g6 4. O-O Bg7 5. Re1 e5 6. Bxc6 dxc6 7. d3 f6 8. a3
(8. Be3 b6 (8... Qe7 9. Qd2 Bg4 10. Qc3 b6 11. b4 Bh6 12. bxc5 $14 {Meyer,
I-Machelett,H/GER-ch 1995}) 9. Qc1 $5 {Preventing black from developing the
knight to h6.} (9. Nbd2 Nh6 10. Nf1 O-O 11. Ng3 Be6 12. b3 Qd7 13. Qc1 Nf7 14.
Nd2 f5 $13 {Karlsen,A-McShane,L/Roskilde op 1998}) 9... Bg4 (9... Ne7 10. Nbd2
O-O 11. a3 a5 12. b3 a4 13. b4 cxb4 14. axb4 Be6 15. Ra3 $14 {Vasiukov,
E-Mikhailov,V/Moscow op 1995}) 10. Nbd2 a5 11. a3 a4 (11... Ne7 12. b4 axb4 13.
axb4 Rxa1 14. Qxa1 cxb4 15. Qa4 $1 {[%cal Ga4e8]} O-O 16. Qxb4 $14) 12. b4 $5
cxb4 13. axb4 Ne7 14. d4 O-O (14... exd4 15. Bxd4 O-O 16. Qb2 Qc7 17. h3 Bd7
18. Nc4 $14) 15. c4 f5 16. Bg5 $5 $14 {1-0 Vescovi,G-Mecking,H/Sao Paulo 2000/
CBM 79/[Finkel,A] (32)}) (8. a4 b6 9. Na3 Nh6 10. h3 Nf7 11. a5 O-O 12. Be3 Ba6
13. Nd2 Qc7 14. Qb1 Rfb8 $13 {Mrdja,M-Bouton,C/Clichy 1998}) (8. c3 Nh6 9. h3
Nf7 10. Be3 b6 11. d4 cxd4 12. cxd4 O-O 13. Nc3 exd4 14. Nxd4 $14 {Plaskett,
J-Burnett,R/Hampstead GM3 1998}) 8... Nh6 9. b4 cxb4 10. axb4 Nf7 11. Be3 a6 {
Weakenning the dark squares. However, the alternative has its drawbacks as well
} (11... b6 12. Nc3 {[%csl Ra7,Rb6][%cal Ga1a7,Ge3a7]}) 12. Nc3 Bg4 $6 (12...
O-O $142 13. h3 (13. Qd2 $140 Bg4) 13... Ng5 14. Nxg5 fxg5 {[%cal Gg5g4]} 15.
Na4 $1 {[%cal Ga4b6]} Rb8 (15... Be6 $143 16. Nc5 Bc8) 16. Ba7 Ra8 17. Bc5 Rf7
18. Nb6 Rb8 19. Nxc8 Qxc8 $14) 13. h3 Bxf3 14. Qxf3 Ng5 15. Qg4 (15. Bxg5 $5
fxg5 16. Na4 $16 {[%csl Rg7]}) 15... Qd7 (15... O-O $142 16. Na4 {[%csl Re6]
[%cal Gh3h4,Ya4c5,Yc5e6,Ga4b6,Gb6d7]} Re8 17. Nb6 Rb8 $14) 16. Qxd7+ Kxd7 17.
Na4 Rae8 (17... Rad8 18. Bxg5 fxg5 19. Nc5+ Kc8 20. Ne6 Rd7 21. Nxg5 $16) 18.
c4 $1 {[%cal Gb4b5,Ya4b6] In a long run it will be a weakness, but white
correctly assesses that there will be no " long run" in this game: black K is
stuck in the center with so many weaknesses, black's position is critical} (18.
Bxg5 $143 {would be the more positional approach}) 18... Ne6 19. b5 axb5 20.
cxb5 cxb5 (20... Rb8 21. Ba7 Rbd8 22. Rab1 $36) 21. Nb6+ Ke7 (21... Kd6 22.
Rab1 Nc7 23. Rec1 $16 {[%cal Ge3c5]}) (21... Kd8 22. Rec1 Nc7 23. Ra7 $18) 22.
Rab1 {[%csl Re6,Re8,Rg7,Rh8] Look at how all black pieces are cut off!} Nc7 $2
(22... f5 23. Nd5+ Kd6 24. Rxb5 $18) (22... Rd8 $8 23. Rxb5 $1 {[%csl Rb7]} (
23. Nd5+ Kf7 24. Rxb5 Rd7 25. Reb1 Nd8 26. Bb6 Ne6 {black is still holding})
23... Nc7 (23... Rxd3 $4 24. Nd5+ Kf8 25. Rxb7 $18 {[%csl Re6,Rg7,Rh8]}) (23...
Kf7 24. Nc4 Rhe8 (24... Rd7 25. Rxb7 Rxb7 26. Nd6+ Ke7 27. Nxb7 $16) 25. Rxb7+
Re7 26. Rxe7+ Kxe7 27. Rd1 $16) 24. Rb3 $16) 23. Rec1 Kd8 24. Bd2 $1 $18 {
[%cal Gd2a5,Yb6d5] In just 5 moves what seemed to be a solid position for
black became no more defendable!} Na6 $2 {a mistake in a very bad posiiton} (
24... Re7 25. Rxb5 Ke8 26. Rb2 {[%cal Gb2c2,Gb2a2,Yc1b1] with a huge advantage}
) 25. Rxb5 Rhf8 26. Rd5+ (26. Rd5+ Ke7 27. Rd7+ Ke6 28. Rxg7) 1-0

[Event "Dubai op"]
[Site "Dubai"]
[Date "2001.04.16"]
[Round "2"]
[White "Safin, Shukhrat"]
[Black "Shariyazdanov, Andrey"]
[Result "0-1"]
[WhiteElo "2504"]
[BlackElo "2594"]
[Annotator "Gershon,A"]
[PlyCount "72"]
[EventDate "2001.04.15"]
[EventType "swiss"]
[EventRounds "9"]
[EventCountry "UAE"]
[SourceTitle "CBM 083"]
[Source "ChessBase"]
[SourceDate "2001.07.05"]
[SourceVersion "1"]
[SourceVersionDate "2001.07.05"]
[SourceQuality "1"]

{[%mdl 32768]} 1. e4 c5 2. Nf3 Nc6 3. Bb5 g6 4. O-O Bg7 5. c3 Nf6 6. Re1 O-O 7.
e5 Nd5 8. d4 cxd4 9. cxd4 d6 10. Nc3 Nxc3 (10... dxe5 11. Bxc6 bxc6 12. Nxe5 c5
$2 (12... Bb7 13. Na4 $16) 13. Nc6 Nxc3 (13... Qd6 $4 14. Nxd5 $18) 14. bxc3
Qd6 15. Nxe7+ Kh8 16. Ba3 $18 {1-0 Glek,I-McShane,L/Internet ICC 2000/EXT 2001
(51)}) (10... Nc7 {is the main move here}) 11. bxc3 Bg4 (11... a6 12. Bxc6 bxc6
13. h3 Bf5 (13... c5 $5) 14. Bf4 d5 15. Qc1 Qd7 16. Bh6 a5 17. Bxg7 Kxg7 18.
Qf4 $14 {1/2-1/2 Shaked,T-Dancevski,O/Cannes 1997/CBM 57 ext (80)}) 12. exd6
Qxd6 (12... exd6 13. h3 Bxf3 14. Qxf3 Qa5 15. Bxc6 bxc6 16. Bf4 d5 17. Re7 Qa3
$2 (17... Rae8 $14) 18. Rae1 Rad8 19. Bc7 Rc8 20. Rd7 Qxa2 21. g4 Qb3 22. Kg2
$18 {[%cal Ge1e7]} f6 23. Ree7 Bh8 24. Qe3 {1-0 Hansen,S-Hall,J/Castrop Rauxel
GER 2001/The Week in Chess 335 (24)}) 13. h3 Bd7 {This move is more flexible
than Bf3} (13... Bxf3 14. Qxf3 e5 (14... a6 15. Bxc6 bxc6 16. Bf4 Qd7 17. Rab1
e6 18. Rb6 $16 {[%csl Ra6,Rc6][%cal Gb1b8,Yf4b8] 1/2-1/2 Kalinina,V-Zozulia,A/
Kramatorsk UKR 2001/The Week in Chess 335 (53)}) 15. Bxc6 bxc6 16. dxe5 Bxe5
17. Bh6 Rfe8 18. Rad1 Qc7 19. Re4 Re6 20. Rc4 Rc8 21. Be3 Rb8 $11 {0-1
Yandemirov,V-Polovnikova,E/Perm 1997/CBM 58 (49)}) 14. a4 Rfe8 15. Ng5 $2 {
[%cal Gg5e4,Ge4c5] White chooses a long N maneouvre (4 straight moves) and
captures black's light squared B (the one that black usually changes himself,
by taking on f3) . This can't be good} (15. Ba3 $5 Qc7 16. d5 $5 {[%csl Re7]} (
16. Bxc6 Bxc6 $15 {[%csl Re7][%cal Gc7e7]}) (16. Rc1) 16... Bxc3 (16... Na5 {
[%csl Rc3][%cal Yg7c3,Yc7c3]} 17. Bxe7 Bxb5 18. d6 $1 (18. axb5 Rxe7 19. Rxe7
Qxe7 20. Rxa5 (20. d6 $2 Qd8 {[%cal Gd8a5]}) 20... Bxc3 $15) 18... Qd7 19. axb5
Bxc3 20. Ne5 Qxb5 21. Nxf7 $5 (21. Rb1 Qc5 {[%csl Re1,Re5,Re7][%cal Gc5e7]} 22.
Rc1 Qb4 23. Re3 $1 (23. d7 $2 Rxe7 24. d8=Q+ Rxd8 25. Qxd8+ Kg7 $17 26. Rxc3
Qxc3 27. Qxe7 Qxe1+ 28. Kh2 Qxf2 $19 {[%cal Gf2f7]}) 23... Bxe5 24. Rxe5 Nc6
25. Rxc6 bxc6 26. d7 $18) 21... Bxe1 (21... Bxa1 $4 22. Nh6+ Kg7 23. Qxa1+ Kxh6
24. Re5 $18) (21... Kxf7 22. Qf3+ Kg8 23. Qxc3 $18) 22. Nh6+ Kg7 23. Qd4+ Kxh6
24. Rxe1 (24. Qf4+ Kg7 25. Qf6+ $11) 24... Nc6 25. Qf4+ $11) 17. Rc1 Bxe1 18.
Qxe1 a6 19. dxc6 axb5 20. cxd7 Qxd7 21. a5 $13 {[%csl Rg8] Although black's K
is weak, the lines for his R's are open so he should have enough time to
create counterplay. The position is about balanced.}) 15... h6 16. Ne4 Qc7 17.
Nc5 Rad8 18. Nxd7 Rxd7 {[%cal Ge7e5] A typical position with white having the
hanging duo in the center, while white has temporarily more space.} 19. Qf3 Rc8
{[%csl Rc3,Rd4][%cal Gc8c3]} (19... a6 $2 20. Bf4 Qc8 21. Bxc6 Qxc6 22. Qxc6
bxc6 23. Rab1 $16) 20. Bf4 Qd8 21. Rab1 a6 22. Bc4 $2 (22. Bxc6 {was a 'must
play'} bxc6 $11 {[%cal Gd8a5,Gc6c5]} (22... Rxc6 $2 23. Rxb7 Rxb7 24. Qxc6 $18)
) 22... e6 $17 {[%csl Ra4,Rc3,Rd4]} (22... Na5 $4 23. Bxf7+ $18 {[%csl Rd8]
[%cal Gf4c7]}) (22... Nxd4 $2 23. Bxf7+ Kxf7 24. cxd4 $16 {[%csl Rb7,Rf7,Rg6]})
23. Ba2 Kh7 {Avoiding any possible sacrifises on 'e6'} 24. Rb2 Qa5 {[%csl Ra4,
Rc3][%cal Gc6e7,Yc8c3]} 25. Reb1 (25. Re4 $5 Nd8 $17 {[%cal Yd8f7,Yd8b7]} (
25... Qxa4 $4 26. d5) ({It's not too late mess up:} 25... Ne7 $2 26. Bxh6 $3 (
26. Be5 Nd5 $17) 26... Nd5 (26... Bxh6 27. Qxf7+ Kh8 28. Qxe6 $18) 27. Bxg7
Kxg7 28. Bxd5 Rxc3 29. Qf4 $11)) 25... Qxa4 $19 26. Bg3 Nd8 27. Bh4 Qa3 $1 {
[%csl Rc3] Forcing white to put a B on b3} 28. Bb3 (28. Bxd8 Rcxd8 $19 (28...
Rxc3 29. Qf4 Rxd8 30. Qxf7 b5 $17)) 28... Qa5 29. Rc2 Rdc7 30. Rbc1 b5 {
the rest is easy} 31. d5 Qa3 32. c4 (32. Bxd8 $142 Rxd8 33. Rb1 exd5 34. Bxd5
Qc5 $19) 32... exd5 33. Bxd8 Rxd8 34. cxb5 (34. cxd5 Qxc1+ 35. Rxc1 Rxc1+ 36.
Kh2 Rc3 37. Qd1 a5 {[%cal Ga5a1] the pawn is unstoppable}) 34... Qxc1+ 35. Rxc1
Rxc1+ 36. Kh2 Rc3 (36... Rc3 37. Qd1 axb5 {[%cal Gd5d2] white's position is
hopeless} 38. Bxd5 Rc5) 0-1